Reglamentos académicos : (Registro nro. 20339)
[ vista simple ]
| 000 -CABECERA | |
|---|---|
| campo de control de longitud fija | 01938nam a2200241 a 4500 |
| 001 - NÚMERO DE CONTROL | |
| campo de control | 000020836 |
| 003 - IDENTIFICADOR DEL NÚMERO DE CONTROL | |
| campo de control | OCoLC |
| 005 - FECHA Y HORA DE LA ÚLTIMA TRANSACCIÓN | |
| campo de control | 20240307073942.0 |
| 008 - DATOS DE LONGITUD FIJA--INFORMACIÓN GENERAL | |
| campo de control de longitud fija | 081112s2002 dr 000 0 spa d |
| 020 ## - NÚMERO INTERNACIONAL ESTÁNDAR DEL LIBRO | |
| Número Internacional Estándar del Libro | 9788489525450 |
| 020 ## - NÚMERO INTERNACIONAL ESTÁNDAR DEL LIBRO | |
| Número Internacional Estándar del Libro | 8489525455 |
| 040 ## - FUENTE DE LA CATALOGACIÓN | |
| Centro catalogador/agencia de origen | DO-SdBNP |
| Lengua de catalogación | spa |
| Centro/agencia transcriptor | BNPHU |
| 090 ## - LOCALMENTE ASIGNADO TIPO-LC NÚMERO DE CLASIFICACIÓN (OCLC); NÚMERO DE CLASIFICACIÓN LOCAL (RLIN) | |
| Número de clasificación (OCLC) (R) ; Numero de clasificación, CALL (RLIN) (NR) | 378.1012 |
| Número cutter local (OCLC) ; Número de libro/Signatura topográfica íntegra, CALL (RLIN) | I59r, 2002 |
| 110 2# - ENTRADA PRINCIPAL--NOMBRE DE ENTIDAD CORPORATIVA | |
| Nombre de entidad corporativa o nombre de jurisdicción como elemento de entrada | Instituto Tecnológico de Santo Domingo |
| 9 (RLIN) | 78911 |
| 245 10 - MENCIÓN DE TÍTULO | |
| Título | Reglamentos académicos : |
| Resto del título | aprobados mediante resolución 1-20/96 de fecha 14-11-96. |
| 250 ## - MENCIÓN DE EDICIÓN | |
| Mención de edición | 10a ed |
| 260 ## - PUBLICACIÓN, DISTRIBUCIÓN, ETC. | |
| Lugar de publicación, distribución, etc. | Santo Domingo : |
| Nombre del editor, distribuidor, etc. | INTEC, |
| Fecha de publicación, distribución, etc. | 2002. |
| 300 ## - DESCRIPCIÓN FÍSICA | |
| Extensión | 64 p. ; |
| Dimensiones | 21 cm. |
| 500 ## - NOTA GENERAL | |
| Nota general | 6 |
| 505 0# - NOTA DE CONTENIDO CON FORMATO | |
| Nota de contenido con formato | Presentación -- Reglamento academico -- Definición y objetivos -- Programas curriculares -- Programas ordinarios y extraordinarios -- Estructura curricular -- Programa de asignaturas -- Unidad de contabilidad académica -- Calendario académico -- Programación de asignaturas -- Asitencia y puntualidad -- Del estudiantado -- Del profesorado -- Admisiones -- Normas de ingreso -- Del estudiantado extranjero -- Convalidación a profesionales -- Convalidación a egresados y egresadas del INTEC -- Carga académica -- Evaluaciones y calificaciones -- Revisión de calificaciones -- Rendimiento académico -- Condición académica y baja académica -- Permanencia institucional -- Reincorporación al instituto -- Retiros -- Cambio de carrera -- Pre-requisitos -- Honores académicos -- Graduación -- Grados, títulos y certificados -- Auditoría académica -- Número de estudiantes por secciones -- Disposiciones generales -- Reglamento de disciplina -- Reglamento de tutoria -- Definiciones, fines y objetivos -- Principios generales -- Del pago -- De los procedimientos -- Reglamento de pasantia -- Principios orientadores -- Naturaleza de la pasantía -- De los requisitos -- De los procedimientos. |
| 610 #0 - PUNTO DE ACCESO ADICIONAL DE MATERIA--NOMBRE DE ENTIDAD CORPORATIVA | |
| Nombre de entidad corporativa o nombre de jurisdicción como elemento de entrada | INSTITUTO TECNOLÓGICO DE SANTO DOMINGO |
| Subdivisión de forma | REGLAMENTOS |
| 9 (RLIN) | 1629 |
| 650 ## - PUNTO DE ACCESO ADICIONAL DE MATERIA--TÉRMINO DE MATERIA | |
| Término de materia o nombre geográfico como elemento de entrada | Universidades |
| Subdivisión de forma | REGLAMENTOS |
| 9 (RLIN) | 1627 |
| Estado de retiro | Estado de pérdida | Restricciones de uso | No para préstamo | Código de colección | Localización permanente | Ubicación/localización actual | Ubicación en estantería | Fecha de adquisición | Número de inventario | Total de préstamos | Signatura topográfica completa | Código de barras | Fecha visto por última vez | Número de copia | Precio válido a partir de | Tipo de ítem Koha |
|---|---|---|---|---|---|---|---|---|---|---|---|---|---|---|---|---|
| Dominicana de Servicio | General | General | En catalogación | 25.04.2011 | LF1 | 20836-30 | 25.06.2020 | e. 3 | 25.06.2020 | Libro y Folleto Colección Dominicana de Servicio | ||||||
| Dominicana de Servicio | General | General | En catalogación | 25.04.2011 | LF1 | 20836-40 | 25.06.2020 | e. 4 | 25.06.2020 | Libro y Folleto Colección Dominicana de Servicio | ||||||
| Dominicana de Servicio | General | General | En catalogación | 25.04.2011 | LF1 | 20836-50 | 25.06.2020 | e. 5 | 25.06.2020 | Libro y Folleto Colección Dominicana de Servicio | ||||||
| Excluido de préstamo | Patrimonio Dominicano | Patrimonio Dominicano | Patrimonio Dominicano | En catalogación | 25.04.2011 | LF1 | 20836-10 | 25.06.2020 | 25.06.2020 | Libro y Folleto Colección Patrimonio Dominicano | ||||||
| Excluido de préstamo | Patrimonio Dominicano | Patrimonio Dominicano | Patrimonio Dominicano | En catalogación | 25.04.2011 | LF1 | 20836-20 | 25.06.2020 | e. 2 | 25.06.2020 | Libro y Folleto Colección Patrimonio Dominicano |
